عرض عادي
عرض مارك
- Bushong, Stewart C
مدخل إسم شخص
001 - رقم الضبط
- حقل الضبط: 45853
003 - معرف رقم الضبط
- حقل الضبط: OSt
005 - تاريخ ووقت أخر عملية
- حقل الضبط: 20140623084630.0
008 - عناصر بيانات ثابتة الطول
- حقل تحكم ثابت الطول: 140623|||a|||||| | ||| d
040 ## - مصدر الفهرسة
- هيئة الفهرسة الأصلية: OSt
- وكالة الكتابة: OSt
100 ## - مدخل -- أسم شخص
- إسم شخص: Bushong, Stewart C
670 ## - بيانات المصدر موجوده
- الاستشهاد بالمصدر: Work cat.: (OSt): Bushong, Stewart C , Workbook for Radiologic science for technologists /
